000 02484cam a2200337 a 4500
003 OSt
005 20211007165010.0
008 080827t 2008ck ad r 000 0 spa d
020 _a9789588378039
040 _aCO-BoPUJ
_cCO-JMCR
041 1 _aspa
043 _as-ck---
082 0 4 _a338.18861 /
_bC763f
_223
100 1 _aConto Posada, Myriam,
_eautor
_941034
245 1 0 _aFinanciamiento de los agricultores al desarrollo tecnológico :
_bnaturaleza jurídica e impacto en el sector palmero colombiano /
_cMyriam Conto Posada
246 1 0 _aNaturaleza jurídica e impacto en el sector palmero colombiano
250 _aPrimera edición
260 _aBogotá :
_bEditorial Universidad del Rosario :
_bFedepalma,
_c2008.
300 _a223 páginas :
_bilustraciones, gráficas y tablas ;
_c24 cm.
490 0 _aColección textos de jurisprudencia
504 _aIncluye referencias bibliográficas (p. 218-220).
505 0 _aReseña histórica y principales antecedentes de la parafiscalidad agropecuaria. -- Evaluación jurídica y doctrina de la parafiscalidad agropecuaria. -- La parafiscalidad de fomento: modelo de fondo de fomento palmero. -- Los efectos en ciencia y tecnología de la parafiscalidad agropecuaria en general y del sector palmero en particular.
520 0 _aEn este ensayo se hace una evaluación de la parafiscalidad agro pecuaria como instrumento de intervención económica y se analizan los fundamentos legales, jurisprudenciales y doctrinales sobre la naturaleza de las rentas parafiscales; así como el control fiscal de los recursos, la competencia jurisdiccional en materia de solución de conflictos y los mecanismos de coacción que puede utilizar el administrador del Fondo Parafiscal para hacer efectivas las obligaciones. Un ejemplo de la parafiscalidad agropecuaria en el país es el caso particular del Fondo de Fomento Palmero, en su papel de canalizar re cursos para financiar actividades de interés general del sector palmero, como la investigación y transferencia de tecnología, de impacto en la competitividad sectorial.
650 1 4 _aIndustria agrícola
_xAspectos jurídicos
_zColombia
_941035
650 2 4 _aAgricultura
_xFinanciación
_941036
650 2 4 _aParafiscalidad
_zColombia
_941037
650 2 4 _aSector agropecuario
_xAspectos jurídicos
_zColombia
_941038
650 2 4 _aPolítica fiscal
_zColombia
_96903
942 _2ddc
_cBK
999 _c12661
_d12661